Statistics for Number Challenge 2

Click here to take the quiz!

General Stats

  • This quiz has been taken 44 times
  • The average score is 6 of 8

Answer Stats

HintAnswer% Correct
Hint = 29 37 92 191hint
95%
191 29 11the
83%
254 29 1 191What
76%
254 37 67 67will
76%
2 11 ?be?
71%
67 1 154 22 11 172 191largest
68%
92 211 79 2 11 154number
68%
Answer (one number)326
37%

Score Distribution

Percentile by Number Answered

Percent of People with Each Score

Your Score History

You have not taken this quiz